Л.Г. Раменский: жизнь и творчество (Запись № 11760302)

Подробности
000 -МАРКЕР
контрольное поле 01506nam0a2200325 4500
001 - ИДЕНТИФИКАТОР ЗАПИСИ
контрольное поле RU\NLR\BIBL_A\011777860
005 - ИДЕНТИФИКАТОР ВЕРСИИ
контрольное поле 20181126145931.0
010 ## - МЕЖДУНАРОДНЫЙ СТАНДАРТНЫЙ НОМЕР КНИГИ (ISBN)
Номер (ISBN) 978-5-6040670-4-8
Тираж 150
021 ## - НОМЕР ГОСУДАРСТВЕННОЙ РЕГИСТРАЦИИ
Код страны Российская Федерация
Номер КН-П-18-053822
Номер Листа государственной регистраци КН-П-18-3878
035 ## - ДРУГИЕ СИСТЕМНЫЕ НОМЕРА
Идентификатор записи (NLR Aleph) 011777860
035 ## - ДРУГИЕ СИСТЕМНЫЕ НОМЕРА
Идентификатор записи (RuMoRGB)009697286
100 ## - ДАННЫЕ ОБЩЕЙ ОБРАБОТКИ
Данные общей обработки 20180827d2018 u y0rusy50 ca
101 0# - ЯЗЫК РЕСУРСА
Язык текста, звукозаписи и т.д. русский
102 ## - СТРАНА ПУБЛИКАЦИИ ИЛИ ПРОИЗВОДСТВА
Страна публикации Российская Федерация
105 ## - ПОЛЕ КОДИРОВАННЫХ ДАННЫХ: ТЕКСТОВЫЕ МАТЕРИАЛЫ, МОНОГРАФИЧЕСКИЕ
Кодированные данные о монографическом текстовом документе y|||z|||000zb
200 1# - ЗАГЛАВИЕ И СВЕДЕНИЯ ОБ ОТВЕТСТВЕННОСТИ
Основное заглавие Л.Г. Раменский: жизнь и творчество
Первые сведения об ответственности С.И. Перлин, Л.Н. Соболев
Последующие сведения об ответственности Институт экологии Волжского бассейна РАН
210 ## - ПУБЛИКАЦИЯ, РАСПРОСТРАНЕНИЕ И ДР.
Место издания, распространения и т.д. Тольятти
Имя издателя, распространителя и т. д. Анна
Дата издания, распространения и т.д. 2018
215 ## - ФИЗИЧЕСКАЯ ХАРАКТЕРИСТИКА
Специфическое обозначение материала и объем 85 с.
Размеры 20
320 ## - ПРИМЕЧАНИЯ О НАЛИЧИИ В ДОКУМЕНТЕ БИБЛИОГРАФИИ / УКАЗАТЕЛЯ
Текст примечания Библиогр. / сост.: В.Б. Голуб: с. 82-84
600 #1 - ИМЯ ЛИЦА КАК ПРЕДМЕТ
Начальный элемент ввода Раменский
Часть имени, кроме начального элемента ввода Л.Г.
Даты 1884 - 1953
Расширение инициалов личного имени Леонтий Григорьевич
Системный номер авторитетной/нормативной записи 2388492
Идентификатор авторитетной/нормативной записи RU\NLR\AUTH\6601645080
686 1# - ИНДЕКСЫ ДРУГИХ КЛАССИФИКАЦИЙ
Индекс Е081д(2)Раменский
700 #1 - ИМЯ ЛИЦА - ПЕРВИЧНАЯ ОТВЕТСТВЕННОСТЬ
Начальный элемент ввода Перлин
Часть имени, кроме начального элемента ввода С. И.
Даты 1912-2007
Расширение инициалов личного имени Соломон Исаевич
701 #1 - ИМЯ ЛИЦА - АЛЬТЕРНАТИВНАЯ ОТВЕТСТВЕННОСТЬ
Графика поля Кириллица
Материалы, к которым относится поле rus
Начальный элемент ввода Соболев
Часть имени, кроме начального элемента ввода Л. Н.
Дополнения к именам, кроме дат географ, геоботаник, почвовед, эколог
Даты 1902-1986
Расширение инициалов личного имени Леонид Николаевич
Системный номер авторитетной/нормативной записи 197630
Идентификатор авторитетной/нормативной записи RU\NLR\AUTH\770197681
702 #1 - ИМЯ ЛИЦА - ВТОРИЧНАЯ ОТВЕТСТВЕННОСТЬ
Начальный элемент ввода Раменский
Часть имени, кроме начального элемента ввода Л. Г.
Даты 1884-1953
Расширение инициалов личного имени Леонтий Григорьевич
Код отношения Прочие
942 ## - ДОПОЛНИТЕЛЬНЫЕ ЭЛЕМЕНТЫ ЗАПИСИ (АБИС)
Тип экземпляра АБИС Книга
980 ## - КОЛЛЕКЦИЯ
Название коллекции НБР
980 ## - КОЛЛЕКЦИЯ
Название коллекции Национальная библиография

Нет доступных экземпляров.